[Event "Campo Grande op 5th"]
[Site "Campo Grande"]
[Date "2019.12.01"]
[Round "6"]
[White "Pinho, Felipe Maldonado Le"]
[Black "Borghezan, Laryssa Zanini"]
[Result "0-1"]
[WhiteElo "1791"]
[BlackElo "1575"]
[PlyCount "72"]
[EventDate "2019.11.28"]
[EventType "swiss"]
[EventRounds "6"]
[EventCountry "BRA"]
[SourceTitle "CBM 193 Extra"]
[Source "ChessBase"]
[SourceDate "2020.01.31"]
[SourceVersion "1"]
[SourceVersionDate "2020.01.31"]
[SourceQuality "1"]

1. e4 e5 2. Nf3 Nc6 3. Bb5 d6 4. c3 Bd7 5. h3 Nf6 6. 0-0 Be7 7. Re1 0-0 8. d3 h6 9. Nbd2 Nh5 10. Nf1 f5 11. exf5 Nf4 12. Bxf4 exf4 13. Qe2 Re8 14. Qd2 Bg5 15. Rxe8+ Qxe8 16. Re1 Qf7 17. Bc4 d5 18. Bb5 Qxf5 19. Bxc6 Bxc6 20. Qe2 Re8 21. Qd2 Rxe1 22. Qxe1 Bf6 23. d4 g5 24. N1h2 h5 25. g4 hxg4 26. Nxg4 Kg7 27. Nxf6 Kxf6 28. Qe5+ Qxe5 29. Nxe5 Be8 30. Kg2 c5 31. dxc5 Kxe5 32. b4 Ke4 33. f3+ Ke3 34. h4 gxh4 35. Kh3 Ke2 36. Kxh4 Kxf3 0-1